000 00757nam a2200217 i 4500
001 17876
003 ES-MaACL
005 20230906151713.0
007 t|
008 010612s2000 sp ||||1| spa d
080 _a738/739(460.411 Tenerife)
080 _a745/749(460.411 Tenerife)
100 1 _aEléxpuru, Inés.
_946934
245 1 0 _aGuía de artesanía Tenerife /
_ctexto, Inés Eléxpuru ; fotografía, Juan Carlos M. Zafra.
260 _a[Canarias] :
_bConsejería de Industria y Comercio,
_c[2000]
300 _a247 p. :
_bil. col. ;
_c23 cm.
650 1 4 _aArtesanía-
_zTenerife.
_910347
700 1 _aZafra, Juan Carlos M.
_9117832
710 1 _aCanarias.
_bConsejería de Industria y Comercio.
_92424
852 _aES-MaACL
_jL-24631
_bR.129877
999 _c17876
_d17876